01392nab a22002657a 4500999001500000003000400015005001700019008004100036040000700077100003000084245013100114260007200245300001300317500003900330505031100369505008900680650002600769650003300795650003400828650004700862650003300909700002700942773014400969942001301113 c5972d5972OSt20260114153920.0190605e xxu||||| |||| 00| 0 spa d cPJ aFernández, Diego 9603410aEmpleados, datos personales, intimidad y teletrabajo : bun abordaje multidisciplinario /cDiego Fernández, Diego S. Kelly.  aCiudad Autónoma de Buenos Aires :bThomson Reuters La Ley,c2022. ap. 15-22 aCita: TR LALEY AR/DOC/2435/2022.  aSumario: I. Comentarios preliminares.— II. El derecho a la intimidad del trabajador y la facultad de control del empleador.— III. El teletrabajo como circunstancia objetiva que explica la necesidad de reforzar el control.— IV. Análisis desde la perspectiva de datos personales.— V. Conclusión.  t¿Te interesa el texto completo? Solicitalo al correo: koha@justierradelfuego.gov.ar 091316aDERECHO LABORAL 092724aDERECHO A LA INTIMIDAD 091570aDERECHOS DEL TRABAJADOR 09615aDERECHOS Y GARANTIAS CONSTITUCIONALES 096605aINFORMACIÓN SENSIBLE 96806aKelly, Diego S. 0 0271193168dCiudad Autónoma de Buenos Aires : Thomson Reuters La Ley, 1999-2002.tRevista de derecho del trabajo. Nº 5 - Septiembre 2022 2udccANA